书目信息 |
| 题名: |
冷弯厚壁钢管压弯构件抗震性能研究
|
|
| 作者: | 温东辉 著 | |
| 分册: | ||
| 出版信息: | 成都 电子科技大学出版社 2024.09 |
|
| 页数: | 152页 | |
| 开本: | 26cm | |
| 丛书名: | ||
| 单 册: | ||
| 中图分类: | TU392.1 | |
| 科图分类: | ||
| 主题词: | 冷弯--leng wan--型钢--建筑结构--钢结构--抗震性能--研究 | |
| 电子资源: | ||
| ISBN: | 978-7-5770-1092-2 | |
| 000 | 01186nam0 2200241 450 | |
| 001 | 90238 | |
| 005 | 20250815151252.57 | |
| 010 | @a978-7-5770-1092-2@dCNY48.00 | |
| 100 | @a20250103d2024 em y0chiy50 ea | |
| 101 | 0 | @achi |
| 102 | @aCN@b510000 | |
| 105 | @aak a 000yy | |
| 106 | @ar | |
| 200 | 1 | @a冷弯厚壁钢管压弯构件抗震性能研究@Aleng wan hou bi gang guan ya wan gou jian kang zhen xing neng yan jiu@f温东辉著 |
| 210 | @a成都@c电子科技大学出版社@d2024.09 | |
| 215 | @a152页@c图@d26cm | |
| 320 | @a有书目 (第143-152页) | |
| 330 | @a本书结合目前我国冷弯型钢生产的国情和应用的迫切需求, 针对冷弯厚壁钢管压弯构件的抗震性能展开较系统的研究。本书共分为5章, 第一章主要介绍冷弯厚壁钢管在典型成型工艺下代表性截面角部和平板部分的材料性能试验和短柱试验 ; 第二章主要介绍冷弯厚壁钢管典型抗震构件在反复荷载下的试验 ; 第三章主要介绍基于构件的低周反复试验结果 ; 第四章主要介绍利用大型通用有限元程序建立精细模型, 并进行参数分析 ; 第五章介绍对压弯试件在地震作用下的破坏模式进行分类。 | |
| 606 | 0 | @a冷弯@Aleng wan@x型钢@x建筑结构@x钢结构@x抗震性能@x研究 |
| 690 | @aTU392.1@v5 | |
| 701 | 0 | @a温东辉@Awen dong hui@4著 |
| 801 | 0 | @aCN@c20250909 |
| 905 | @a河南城建学院图书馆@dTU392.1@eW616@f1 | |
| 冷弯厚壁钢管压弯构件抗震性能研究/温东辉著.-成都:电子科技大学出版社,2024.09 |
| 152页:图;26cm |
| ISBN 978-7-5770-1092-2:CNY48.00 |
| 本书结合目前我国冷弯型钢生产的国情和应用的迫切需求, 针对冷弯厚壁钢管压弯构件的抗震性能展开较系统的研究。本书共分为5章, 第一章主要介绍冷弯厚壁钢管在典型成型工艺下代表性截面角部和平板部分的材料性能试验和短柱试验 ; 第二章主要介绍冷弯厚壁钢管典型抗震构件在反复荷载下的试验 ; 第三章主要介绍基于构件的低周反复试验结果 ; 第四章主要介绍利用大型通用有限元程序建立精细模型, 并进行参数分析 ; 第五章介绍对压弯试件在地震作用下的破坏模式进行分类。 |
| ● |
| 相关链接 |
|
|
|
正题名:冷弯厚壁钢管压弯构件抗震性能研究
索取号:TU392.1/W616
 
预约/预借
| 序号 | 登录号 | 条形码 | 馆藏地/架位号 | 状态 | 备注 |
| 1 | 1624200 | 216242000 | 建筑库101/101建筑库 91排3列2层/ [索取号:TU392.1/W616] | 在馆 |